000 00402nam a2200157Ia 4500
008 210719s1977 xx 000 0 und d
041 _aeng
082 _a338.924 LALI
100 _aLALA (R M)
245 _aIndia says no to nationalisation.
260 _aBombay
_bThe Rajaji Foundation
_c1977
300 _a50
_bPB
365 _b3
_cRs
650 _aEconomic Development
906 _aNationalisation
999 _c212728
_d212728